Normal view MARC view
  • García Rodríguez, María Luisa

Entry Nombre Personal

Number of records used in: 4

001 - NUMERO DE CONTROL

  • campo de control: 41810

003 - IDENTIFICADOR DE NUMERO DE CONTROL

  • campo de control: UPN

005 - FECHA Y HORA DE LA ÜLTIMA TRANSACCIÓN

  • campo de control: 20240821104317.0

008 - DATOS DE LONGITUD FIJA

  • campo de control de longitud fija: nabaccnnaabn|||||||||| b |nc|||||d

024 7# - OTROS IDENTIFICADORES NORMALIZADOS

  • Fuente: orcid
  • Número normalizado o código: https://orcid.org/0000-0002-1490-8728

035 ## - NUMERO DE CONTROL

  • Número de control: UPN11000013917

040 ## - FUENTE DE CATALOGACIÓN

  • Lenguaje de catalogación: SPA
  • Agencia de transcripción: UPN
  • Agencia original de catalogación: MX-MxUPN

100 1# - ENCABEZAMIENTO - NOMBRE PERSONAL

  • Nombre personal: García Rodríguez, María Luisa

370 ## - LUGAR ASOCIADO

  • Especificación de materiales: España

371 ## - DIRECCIÓN

  • Electronic mail address: malugaro@usal.es

373 ## - GRUPO ASOCIADO

  • Associated group: Universidad de Salamanca

670 ## - FUENTE EN LA QUE SE LOCALIZARON DATOS

  • Cita de la fuente: En recurso en línea: REDIE, Vol. 21 (2019)
  • Información localizada: (María Luisa García Rodríguez)
  • Uniform Resource Identifier: https://redie.uabc.mx/redie/article/view/1831/1792

680 ## - NOTA PUBLICA DE ACCESO PÚBLICO

  • Frase explicativa de la referencia: España. Mtra., Dra. y Lic. con Grado en Pedagogía por la Universidad Pontificia de Salamanca. Lic. en Psicología por la Universidad de Salamanca y Profa. en la Facultad de Educación de la Universidad de Salamanca

902 ## - CATALOGADOR

  • Catalogador: Leonor Sotres/210824